Loading...
| Literature - World/Other Literature | 0 | 5 | 0 | 0 | 50 | 98 | 114.60 | 0 | 3 |
| Literature - European Literature | 0 | 4 | 3 | 0 | 25 | 109 | 117.25 | 2 | 4 |
| Religion | 0 | 2 | 0 | 0 | 20 | 95 | 103.00 | 0 | 1 |
| Philosophy | 0 | 2 | 1 | 0 | 15 | 101 | 104.50 | 0 | 1 |
| Fine Arts - Visual Fine Arts | 0 | 1 | 0 | 0 | 10 | 122 | 122.00 | 0 | 1 |
| History - American History | 0 | 1 | 0 | 0 | 10 | 105 | 105.00 | 0 | 0 |
| Literature - British Literature | 0 | 1 | 0 | 0 | 10 | 90 | 90.00 | 1 | 1 |
| Mythology | 0 | 1 | 0 | 1 | 10 | 146 | 146.00 | 0 | 1 |
| Pop Culture | 0 | 1 | 0 | 1 | 10 | 132 | 132.00 | 0 | 0 |
| Science - Physics | 0 | 1 | 0 | 0 | 10 | 70 | 70.00 | 0 | 0 |
| Science - Other Science | 0 | 1 | 1 | 0 | 5 | 89 | 89.00 | 0 | 0 |
| History - World History | 0 | 1 | 1 | 0 | 5 | 98 | 98.00 | 0 | 1 |
| Social Science | 0 | 0 | 0 | 0 | 0 | 0.00 | 0 | 0 | |
| Geography/Current Events | 0 | 0 | 1 | 0 | -5 | 0.00 | 0 | 0 |